Psicología criminal (Registro nro. 1920)

Detalles MARC
000 -Cabecera
Campo de control de longitud fija 01096aam a2200397 4500
005 - Fecha y hora de la última transacción
Campo de control 20260324153900.0
008 - Elementos de longitud fija--Información general
Campo de control de longitud fija 150720b2005 xxu||||| |||| 00| 0 spa d
020 ## - International Standard Book Number
Número Internacional Estándar del Libro (ISBN) 8483223062
041 ## - Idioma
Código de idioma Español
082 ## - Clasificación Decimal Dewey
Número de clasificación 364.3 SO714p
100 ## - Entrada principal--Autor personal
Nombre personal Soria Verde, Miguel Ángel
9 (RLIN) 15335
100 ## - Entrada principal--Autor personal
Nombre personal Sáiz Roca, Dolores
9 (RLIN) 15336
245 ## - Título propiamente dicho
Título Psicología criminal
260 ## - Pie de imprenta
Lugar de publicación, distribución, etc. Español
260 ## - Pie de imprenta
Nombre del editor, distribuidor, etc. Pearson Educación
260 ## - Pie de imprenta
Fecha de publicación, distribución, etc. 2005
300 ## - Descripción física
Extensión 491 páginas
490 ## - Serie
Título de la Serie Investigación Criminal
650 ## - Materia general
Temática (materia general) PSICOLOGÍA CRIMINAL
650 ## - Materia general
Temática (materia general) ESTUDIO DE CRIMINALIDAD
650 ## - Materia general
Temática (materia general) EVALUACIÓN DEL DELITO
650 ## - Materia general
Temática (materia general) TRANSMISIÓN GENETICA
650 ## - Materia general
Temática (materia general) CONDUCTA CRIMINAL
650 ## - Materia general
Temática (materia general) PSICOLOGÍA DEL TESTIGO
650 ## - Materia general
Temática (materia general) TESTIMONIO INFANTIL
650 ## - Materia general
Temática (materia general) PSICOLOGÍA PENITENCIARIA
650 ## - Materia general
Temática (materia general) PSICOLOGÍA DE LA VÍCTIMA
650 ## - Materia general
Temática (materia general) PSICOLOGÍA POLICIAL
650 ## - Materia general
Temática (materia general) DELINCUENTES
650 ## - Materia general
Temática (materia general) PERFILES CRIMINALES
650 ## - Materia general
Temática (materia general) ADMINISTRACIÓN DE JUSTICIA
650 ## - Materia general
Temática (materia general) MEDICIÓN PENAL
650 ## - Materia general
Temática (materia general) PENOLOGÍA
650 ## - Materia general
Temática (materia general) FORENSE
942 ## - Punto de acceso adicional KOHA
Tipo de ítem KOHA Libro
Fuente del sistema de clasificación o colocación Dewey Decimal Classification
Existencias
Signatura completa Código de barras Programa Académico Tipo de ítem
364.3 SO714p 11247 Investigación Criminal Libro
364.3 SO714p 11598 Investigación Criminal Libro